000 00498nam a22001697a 4500
005 20240823062816.0
008 240823b |||||||| |||| 00| 0 eng d
020 _a9991680209
041 _aEnglish
082 _a349 NAM
100 _lEnglish
245 _aThe Namibian Labour Law Publication
260 _aWindhoek:
_bHuman Capital Consulting Ernst & Young,
_c2004
300 _bxxi, 280 pages;
_c25 cm.
650 _aLegal practice
_bLaw
942 _cBK
_6ALISON_BN_VRIES
999 _c2818
_d2818